Statistics for Country vs. Country: Fertility Rate

Click here to take the quiz!

General Stats

  • This quiz has been taken 35 times
  • The average score is 11 of 15

Answer Stats

QuestionAnswer% Correct
Panama or Guinea Bissau?Guinea Bissau
91%
Denmark or Peru?Peru
91%
Czech Republic or Gabon?Gabon
88%
Burkina Faso or Georgia?Burkina Faso
82%
Honduras or Papua New Guinea?Papua New Guinea
82%
Sweden or Venezuela?Venezuela
79%
Lebanon or China?Lebanon
76%
Rwanda or Nigeria?Nigeria
76%
Poland or Seychelles?Seychelles
74%
São Tomé and Príncipe or Malaysia?São Tomé and Príncipe
68%
Bosnia and Herzegovina or Tonga?Tonga
62%
Botswana or Afghanistan?Afghanistan
59%
Jordan or Jamaica?Jordan
59%
Bangladesh or Syria?Syria
47%
United Kingdom or North Korea?North Korea
41%

Score Distribution

Percentile by Number Answered

Percent of People with Each Score

Your Score History

You have not taken this quiz